Zlaté slovenské ručičky

Snaha obchodníkov vyhovieť dopytu Slovákov po kvalitných domácich výrobkoch. V obchodných reťazcoch sa začínajú objavovať špeciálne pulty s čisto slovenskými výrobkami, takisto vznikajú samostatné obchodíky s farmárskymi špecialitami. Tradícia včelárstva na Slovensku a predstavenie farmy Neviďanský...

Descrizione completa

Salvato in:
Dettagli Bibliografici
Autore principale: Mikulcová, Katarína
Natura: Capitolo di libro
Lingua:slovacco
Soggetti:
Tags: Aggiungi Tag
Nessun Tag, puoi essere il primo ad aggiungerne!!

MARC

LEADER 00000naa a2200000 4500
001 0242797
005 20180511141337.9
041 0 |a slo 
044 |a SK 
245 1 0 |a Zlaté slovenské ručičky  |c Katarína Mikulcová 
520 |a Snaha obchodníkov vyhovieť dopytu Slovákov po kvalitných domácich výrobkoch. V obchodných reťazcoch sa začínajú objavovať špeciálne pulty s čisto slovenskými výrobkami, takisto vznikajú samostatné obchodíky s farmárskymi špecialitami. Tradícia včelárstva na Slovensku a predstavenie farmy Neviďanských, predávajúcich medové výrobky. Portfólio firmy a spotrebiteľské preferencie pri výbere medu. 
610 2 0 |a potraviny 
610 2 0 |a Slovensko 
610 2 0 |a spokojnosť zákazníkov 
610 2 0 |a kvalita výrobkov 
610 2 0 |a výrobky domáce 
100 1 |a Mikulcová, Katarína